| 000 | 00533nam a2200157 4500 | ||
|---|---|---|---|
| 001 | 113127 | ||
| 003 | ES-MaACL | ||
| 005 | 20230906185752.0 | ||
| 007 | t| | ||
| 008 | 061121s1961 cu r ||||1| spa d | ||
| 100 | 1 |
_aNúñez Jiménez, Antonio. _986204 |
|
| 245 | 1 | 0 |
_a20 años explorando a Cuba _b: historia de la Sociedad Espeleológica de Cuba / _crecopilada por Antonio Núñez Jiménez. |
| 260 |
_aLa Habana : _b[s. n.], _c1961 ( _fImp. del INRA) |
||
| 300 |
_a334 p. : _bil. ; _c18 cm. |
||
| 852 |
_aES-MaACL _jC-53343 _bR.72050 |
||
| 999 |
_c113127 _d113127 |
||